000 00417nam a22001217a 4500
040 _cHS
082 _a338
110 _aអង្គការស៊ីដសេ
245 _aប្រព័ន្ធដាំដុះកសិកម្មផ្នែកលើដំណាំស្រូវជាមូលដ្ឋាន
260 _aCambodia
_bអង្គការស៊ីដសេ
_cNA
300 _aNA
942 _cKB
999 _c9469
_d9469